Anales de la Academia Matritense del Notariado T. XXI

Detalles Bibliográficos
Autor Corporativo: Academia Matritense del Notariado
Formato: Libro
Publicado: Madrid : EDERSA, 2005
Acceso en línea:Acceso restringido (Tomo XXI)

MARC

LEADER 00000nam a22000007a 4500
005 2011091403253.0
008 040924s1990 z 000 0 c
020 |a 84-7130-655-7 
035 |a 554 
040 |a ES-BaICA  |d vLex 
090 |c 2449  |d 2449 
110 2 |a Academia Matritense del Notariado 
245 1 0 |a Anales de la Academia Matritense del Notariado  |h [Recurso electrn̤ico] /  |c Academia Matritense del Notariado  |n T. XXI 
256 |a Servicio en ln̕ea. 
260 |a Madrid :  |b EDERSA,  |c 2005 
300 |a 16 vol. ;  |c 24 cm 
300 |a 1 recurso electrn̤ico 
506 1 |a Contenido solo disponible en los productos indicados  |d vLex Global  |d vLex Global (Academic Edition, excluding Law Schools)  |d vLex Global (U.S. Academic Edition, Law Schools)  |d vLex Global (U.S. Academic Edition, excluding Law Schools)  |d vLex Global (Academic Edition, Law Schools) 
740 0 |a vLex Libros (Servicio en ln̕ea) 
856 4 0 |u http://vlex.com/source/anales-academia-matriense-notariado-554  |z Acceso restringido (Tomo XXI) 
907 |i   
942 |c BOOK